000 01356nam a22001577a 4500
999 _c518606
_d518606
008 211004b ||||| |||| 00| 0 eng d
100 _aKhobragade, Vinod and Avneet Kumar, Nim
_929669
245 _aThe US-China new cold war
260 _aWorld Affairs
300 _a25(2), Apr-Jun, 2021: p.70-83
520 _aThe escalating confrontations and intensifying competition on multidimensional grounds such as trade, security andmilitary tensions, nationalism, defence capabilities, technology, new strategic multilateral collaborations and the protectionist approach clearly indicate the emergence of a New Cold War between the US and China. Military tensions have risen in the Indo- Pacific region between both the countries as the region has become the engine and centre of future global political developments. Factually, the evolution ofthe global system appears to be going in the direction of a new bipolarity, where China will play the role of a geostrategic, geo-economic and geo-ideological pole standing against the United States of America at the other end of the Pacific. This paper analyses the nature of the NCW, its effect and also reflects on the changed global order. – Reproduced
650 _aUS-China cold war, Cold war
_929670
773 _aWorld Affairs
906 _aUNITED SATES - FOREIGN RELATIONS - CHINA
942 _cAR